| 000 | 00487nam a2200193Ia 4500 | ||
|---|---|---|---|
| 003 | 0100 | ||
| 008 | 130227s9999 xx 000 0 und d | ||
| 040 | _cARRUPELIB | ||
| 050 | _aJQ1873.A15B73 1997 | ||
| 100 | _aBratton, Michael | ||
| 245 | _aDemocratic experiments in Africa | ||
| 260 | _aCambridge | ||
| 260 | _bCambridge University Press | ||
| 260 | _C1997 | ||
| 300 | _axvi | ||
| 300 | _b 307p. 23cm. | ||
| 650 | _bPolitical science--Philosophy--Textbooks | ||
| 942 |
_2lcc _01 |
||
| 999 |
_c3889 _d3889 |
||